| 000 | 005200000a22001210004500 | ||
|---|---|---|---|
| 090 |
_aAS _bSeriadas |
||
| 245 | 1 | 0 | _aEvaluación del crecimiento y levante de neonatos y juveniles de Crocodylus acutus cuvier, (Crocodylia: Crocodylidae) durante 1987-1988 en el centro experimental de fauna silvestre de San Marcos (Sucre) |
| 041 | 0 | _aEspañol | |
| 700 | 1 |
_aRodríguez M., Miguel A. _94319 |
|
| 100 | 1 |
_aRodríguez A., Eduardo _9100316 |
|
| 942 | _cARTICULO | ||
| 773 | 1 |
_tTrianea _kActa Científica y Tecnológica _h2 _q53-60 _d1989 |
|
| 999 |
_c16177 _d16177 |
||